000 00748nam a2200193Ii 4500
003 JO-AjNU
008 230605s9999||||xx |||||||||||||| ||und||
040 _aJO-AjNU
_bara
_erda
_cJO-AjNU
041 _aara
050 1 4 _aHV40 .M8388 1997
100 3 _a أحمد، محمد مصطفى,
_eauthor
_935723
245 0 0 _aالخدمة الاجتماعية في مجال رعاية المعوقين
264 3 1 _aالقاهرة: دار المعرفة الجامعية، 1997
300 _a367ص
_bيحتوي على ببلوغرافية من 351-367ص
336 _atext
_btxt
_2rdacontent
337 _aunmediated
_bn
_2rdamedia
338 _avolume
_bnc
_2rdacarrier
650 4 _aالخدمة الاجتماعي - المعوقون - رعاية
_935724
999 _aA14776
_c18344
_d18344